| Поле | Инд. | ПП | Название | Значение |
|---|---|---|---|---|
| Тип записи | a | |||
| Библиографический уровень | b | |||
| 001 | Контрольный номер | RU/IS/BASE/128522825 | ||
| 005 | Дата корректировки | 20200522190820.8 | ||
| 084 | a | Индекс другой классификации/Индекс ББК | 65.011.14 | |
| a | Индекс другой классификации/Индекс ББК | 65.01 | ||
| 100 | 1_ | a | Автор | Дискин И. Е. |
| 245 | a | Заглавие | Социальный капитал в глобальной экономике | |
| 504 | a | Библиография | Библиогр.: с. 159 | |
| 650 | a | Основная рубрика | экономика | |
| a | Основная рубрика | экономическая теория | ||
| 653 | a | Ключевые слова | глобальная экономика | |
| a | Ключевые слова | глобальный социальный капитал | ||
| a | Ключевые слова | политическая экономия | ||
| a | Ключевые слова | политэкономический подход | ||
| a | Ключевые слова | социально-экономические отношения | ||
| a | Ключевые слова | социально-экономическое развитие | ||
| a | Ключевые слова | социальный капитал | ||
| a | Ключевые слова | транснациональные корпорации (ТНК) | ||
| 773 | t | Заглавие источника | Общественные науки и современность | |
| d | Дата издания источника | 2003 | ||
| g | Прочая информация | № 5. - С. 150 - 159 | ||
| w | Контрольный № источника | RU/IS/BASE/118154823 | ||
| 901 | t | Тип документа | b |